<?xml version="1.0" encoding="UTF-8"?>
<collection xmlns="http://www.loc.gov/MARC21/slim">
 <record>
  <leader>03682cam a2200637  c4500</leader>
  <controlfield tag="001">1732463220</controlfield>
  <controlfield tag="003">DE-627</controlfield>
  <controlfield tag="005">20240117142616.0</controlfield>
  <controlfield tag="007">tu</controlfield>
  <controlfield tag="008">200915s2020    sw |||||      00| ||eng c</controlfield>
  <datafield tag="020" ind1=" " ind2=" ">
   <subfield code="a">9789188763037</subfield>
   <subfield code="9">978-91-88763-03-7</subfield>
  </datafield>
  <datafield tag="035" ind1=" " ind2=" ">
   <subfield code="a">(DE-627)1732463220</subfield>
  </datafield>
  <datafield tag="035" ind1=" " ind2=" ">
   <subfield code="a">(DE-599)KXP1732463220</subfield>
  </datafield>
  <datafield tag="035" ind1=" " ind2=" ">
   <subfield code="a">(OCoLC)1226327807</subfield>
  </datafield>
  <datafield tag="040" ind1=" " ind2=" ">
   <subfield code="a">DE-627</subfield>
   <subfield code="b">ger</subfield>
   <subfield code="c">DE-627</subfield>
   <subfield code="e">rda</subfield>
  </datafield>
  <datafield tag="041" ind1=" " ind2=" ">
   <subfield code="a">eng</subfield>
  </datafield>
  <datafield tag="044" ind1=" " ind2=" ">
   <subfield code="c">XA-SE</subfield>
  </datafield>
  <datafield tag="084" ind1=" " ind2=" ">
   <subfield code="a">ALT-KA</subfield>
   <subfield code="q">DE-16</subfield>
   <subfield code="2">fid</subfield>
  </datafield>
  <datafield tag="084" ind1=" " ind2=" ">
   <subfield code="a">LG 4000</subfield>
   <subfield code="2">rvk</subfield>
   <subfield code="0">(DE-625)rvk/92126:</subfield>
  </datafield>
  <datafield tag="084" ind1=" " ind2=" ">
   <subfield code="a">21.88</subfield>
   <subfield code="2">bkl</subfield>
  </datafield>
  <datafield tag="245" ind1="1" ind2="0">
   <subfield code="a">Corpus vasorum antiquorum - Sweden</subfield>
   <subfield code="n">Fascicule 5</subfield>
   <subfield code="p">Lund</subfield>
   <subfield code="n">fascicule 2</subfield>
   <subfield code="p">Uppsala</subfield>
   <subfield code="n">fascicule 2</subfield>
   <subfield code="p">Gustavianum - Uppsala University Museum : the Historical Museum at Lund University : the Cultural Museum of Southern Sweden, Lund : Malmö Art Museum / by Mary Blomberg,  Gullög Nordquist, Paavo Roos, Eva Rystedt and Ludmila Werkström</subfield>
   <subfield code="c">Union Académique Internationale</subfield>
  </datafield>
  <datafield tag="246" ind1="1" ind2=" ">
   <subfield code="i">Abweichender Rückentitel</subfield>
   <subfield code="a">Corpvs vasorvm antiqvorvm Lund Uppsala (Sweden 5)</subfield>
  </datafield>
  <datafield tag="246" ind1="3" ind2="3">
   <subfield code="a">Corpvs vasorvm antiqvorvm</subfield>
  </datafield>
  <datafield tag="264" ind1=" " ind2="1">
   <subfield code="a">Stockholm</subfield>
   <subfield code="b">Kungliga Vitterhets Historie och Antikvitets Akademien</subfield>
   <subfield code="c">2020</subfield>
  </datafield>
  <datafield tag="300" ind1=" " ind2=" ">
   <subfield code="a">81, 24 Seiten</subfield>
   <subfield code="b">Illustrationen</subfield>
  </datafield>
  <datafield tag="336" ind1=" " ind2=" ">
   <subfield code="a">Text</subfield>
   <subfield code="b">txt</subfield>
   <subfield code="2">rdacontent</subfield>
  </datafield>
  <datafield tag="337" ind1=" " ind2=" ">
   <subfield code="a">ohne Hilfsmittel zu benutzen</subfield>
   <subfield code="b">n</subfield>
   <subfield code="2">rdamedia</subfield>
  </datafield>
  <datafield tag="338" ind1=" " ind2=" ">
   <subfield code="a">Band</subfield>
   <subfield code="b">nc</subfield>
   <subfield code="2">rdacarrier</subfield>
  </datafield>
  <datafield tag="583" ind1="1" ind2=" ">
   <subfield code="a">Archivierung/Langzeitarchivierung gewährleistet</subfield>
   <subfield code="f">FID</subfield>
   <subfield code="2">pdager</subfield>
   <subfield code="5">DE-16</subfield>
  </datafield>
  <datafield tag="689" ind1="0" ind2="0">
   <subfield code="d">b</subfield>
   <subfield code="0">(DE-588)1050830210</subfield>
   <subfield code="0">(DE-627)78518385X</subfield>
   <subfield code="0">(DE-576)405216963</subfield>
   <subfield code="a">Gustavianum</subfield>
   <subfield code="2">gnd</subfield>
  </datafield>
  <datafield tag="689" ind1="0" ind2="1">
   <subfield code="d">b</subfield>
   <subfield code="0">(DE-588)37386-2</subfield>
   <subfield code="0">(DE-627)10085477X</subfield>
   <subfield code="0">(DE-576)190352329</subfield>
   <subfield code="a">Historiska Museum</subfield>
   <subfield code="g">Lund</subfield>
   <subfield code="2">gnd</subfield>
  </datafield>
  <datafield tag="689" ind1="0" ind2="2">
   <subfield code="d">b</subfield>
   <subfield code="0">(DE-588)4074387-1</subfield>
   <subfield code="0">(DE-627)106089838</subfield>
   <subfield code="0">(DE-576)209193611</subfield>
   <subfield code="a">Kulturhistorisches Museum Lund</subfield>
   <subfield code="2">gnd</subfield>
  </datafield>
  <datafield tag="689" ind1="0" ind2="3">
   <subfield code="d">b</subfield>
   <subfield code="0">(DE-588)5097292-3</subfield>
   <subfield code="0">(DE-627)132906090</subfield>
   <subfield code="0">(DE-576)194690814</subfield>
   <subfield code="a">Konstmuseet</subfield>
   <subfield code="g">Malmö</subfield>
   <subfield code="2">gnd</subfield>
  </datafield>
  <datafield tag="689" ind1="0" ind2="4">
   <subfield code="d">s</subfield>
   <subfield code="0">(DE-588)4068754-5</subfield>
   <subfield code="0">(DE-627)106105086</subfield>
   <subfield code="0">(DE-576)209174544</subfield>
   <subfield code="a">Antike</subfield>
   <subfield code="2">gnd</subfield>
  </datafield>
  <datafield tag="689" ind1="0" ind2="5">
   <subfield code="d">s</subfield>
   <subfield code="0">(DE-588)4062377-4</subfield>
   <subfield code="0">(DE-627)104288736</subfield>
   <subfield code="0">(DE-576)209143924</subfield>
   <subfield code="a">Vasenmalerei</subfield>
   <subfield code="2">gnd</subfield>
  </datafield>
  <datafield tag="689" ind1="0" ind2=" ">
   <subfield code="5">(DE-627)</subfield>
  </datafield>
  <datafield tag="700" ind1="1" ind2=" ">
   <subfield code="a">Blomberg, Mary</subfield>
   <subfield code="e">VerfasserIn</subfield>
   <subfield code="4">aut</subfield>
  </datafield>
  <datafield tag="700" ind1="1" ind2=" ">
   <subfield code="a">Nordquist, Gullög</subfield>
   <subfield code="e">VerfasserIn</subfield>
   <subfield code="0">(DE-588)1072599023</subfield>
   <subfield code="0">(DE-627)827883617</subfield>
   <subfield code="0">(DE-576)16436966X</subfield>
   <subfield code="4">aut</subfield>
  </datafield>
  <datafield tag="700" ind1="1" ind2=" ">
   <subfield code="a">Roos, Paavo</subfield>
   <subfield code="e">VerfasserIn</subfield>
   <subfield code="0">(DE-588)1211870758</subfield>
   <subfield code="0">(DE-627)1700545000</subfield>
   <subfield code="4">aut</subfield>
  </datafield>
  <datafield tag="700" ind1="1" ind2=" ">
   <subfield code="a">Rystedt, Eva</subfield>
   <subfield code="e">VerfasserIn</subfield>
   <subfield code="0">(DE-588)1172117128</subfield>
   <subfield code="0">(DE-627)1040955479</subfield>
   <subfield code="0">(DE-576)51436632X</subfield>
   <subfield code="4">aut</subfield>
  </datafield>
  <datafield tag="700" ind1="1" ind2=" ">
   <subfield code="a">Werkström, Ludmila</subfield>
   <subfield code="e">VerfasserIn</subfield>
   <subfield code="4">aut</subfield>
  </datafield>
  <datafield tag="710" ind1="2" ind2=" ">
   <subfield code="a">Kungliga vitterhets historie och antikvitets akademien</subfield>
   <subfield code="e">Herausgebendes Organ</subfield>
   <subfield code="0">(DE-588)1001473-1</subfield>
   <subfield code="0">(DE-627)102972524</subfield>
   <subfield code="0">(DE-576)191141070</subfield>
   <subfield code="4">isb</subfield>
  </datafield>
  <datafield tag="773" ind1="1" ind2="8">
   <subfield code="w">(DE-627)1078671281</subfield>
   <subfield code="w">(DE-576)008671281</subfield>
   <subfield code="g">5 = Lund, fascicule 2, Uppsala, fascicule 2</subfield>
   <subfield code="q">5</subfield>
   <subfield code="7">nnnm</subfield>
  </datafield>
  <datafield tag="787" ind1="0" ind2="8">
   <subfield code="i">Rezensiert in</subfield>
   <subfield code="a">Palaiothodōros, Dēmētrēs</subfield>
   <subfield code="t">[Rezension von: Mary Blomberg, Gullög Nordquist, Paavo Roos (u.a.), Gustavianum - Uppsala University Museum. The Historical Museum at Lunds University, the Cultural Museum of Southern Sweden (Lund) and Malmö Art Museum]</subfield>
   <subfield code="d">2022</subfield>
   <subfield code="w">(DE-627)1816949213</subfield>
  </datafield>
  <datafield tag="856" ind1="4" ind2="2">
   <subfield code="u">https://swbplus.bsz-bw.de/bsz1732463220inh.htm</subfield>
   <subfield code="m">V:DE-576;B:DE-16</subfield>
   <subfield code="q">application/pdf</subfield>
   <subfield code="v">20201223153627</subfield>
   <subfield code="3">Inhaltsverzeichnis</subfield>
  </datafield>
  <datafield tag="936" ind1="r" ind2="v">
   <subfield code="a">LG 4000</subfield>
   <subfield code="b">Corpus Vasorum Antiquorum</subfield>
   <subfield code="k">Klassische Archäologie</subfield>
   <subfield code="k">Antike Kunst und Kultur</subfield>
   <subfield code="k">Vasenmalerei und Keramik</subfield>
   <subfield code="k">Corpus Vasorum Antiquorum</subfield>
   <subfield code="0">(DE-627)1271842025</subfield>
   <subfield code="0">(DE-625)rvk/92126:</subfield>
   <subfield code="0">(DE-576)201842025</subfield>
  </datafield>
  <datafield tag="936" ind1="b" ind2="k">
   <subfield code="a">21.88</subfield>
   <subfield code="j">Keramik</subfield>
   <subfield code="x">Kunst</subfield>
   <subfield code="0">(DE-627)106405616</subfield>
  </datafield>
  <datafield tag="951" ind1=" " ind2=" ">
   <subfield code="a">MV</subfield>
  </datafield>
  <datafield tag="990" ind1=" " ind2=" ">
   <subfield code="a">Gustavianum</subfield>
  </datafield>
  <datafield tag="990" ind1=" " ind2=" ">
   <subfield code="a">Historiska Museum</subfield>
  </datafield>
  <datafield tag="990" ind1=" " ind2=" ">
   <subfield code="a">Kulturhistorisches Museum Lund</subfield>
  </datafield>
  <datafield tag="990" ind1=" " ind2=" ">
   <subfield code="a">Konstmuseet</subfield>
  </datafield>
  <datafield tag="990" ind1=" " ind2=" ">
   <subfield code="a">Antike</subfield>
  </datafield>
  <datafield tag="990" ind1=" " ind2=" ">
   <subfield code="a">Vasenmalerei</subfield>
  </datafield>
  <datafield tag="991" ind1=" " ind2=" ">
   <subfield code="a">Rezensiertes Werk</subfield>
  </datafield>
  <datafield tag="999" ind1=" " ind2=" ">
   <subfield code="a">KXP-PPN1732463220</subfield>
   <subfield code="e">4190292974</subfield>
  </datafield>
 </record>
</collection>
